Statistics for Characters from Majora's Mask

Click here to take the quiz!

General Stats

  • This quiz has been taken 7 times
  • The average score is 43 of 62

Answer Stats

HintAnswer% Correct
Main character's beloved horseEpona
100%
Main characterLink
100%
Goron looking to stay at the Stock Pot InnLink
100%
Mysterious and villainous artifactMajora's Mask
100%
An old friend and Princess who helps the player in a flashback scenePrincess Zelda
100%
Childlike antagonistSkull Kid
100%
Fairy siblings, one of which accompanies the playerTatl
100%
Innkeeper of the Stock Pot Inn, engaged to the Mayor's sonAnju
80%
Large Goron blocking the path to SnowheadBiggoron
80%
Deceased, skeletal military leader resting in Ikana GraveyardCaptain Keeta
80%
Gravekeeper of Ikana GraveyardDampé
80%
Darling
80%
Deceased hero of the Gorons who haunts the Goron GraveyardDarmani III
80%
Conductor of the Frog Choir in the Mountain VillageDon Gero
80%
Deceased composer brothers of the of the Ikana Royal FamilyFlat
80%
Masked Mechanical Monster responsible for the abnormal winter affecting Snowhead, the Goron Village and the Mountain VillageGoht
80%
Dejected leader of a troupe of entertainers staying at the Stock Pot InnGorman
80%
Phonograph-playing musician, part of the troupe staying at the Stock Pot InnGuru-Guru
80%
Gargantuan Masked Fish responsible for polluting and raising the temperature of the water in the Great BayGyorg
80%
Asks the player to retrieve a "precious" item stolen from himHappy Mask Salesman
80%
Minigame-operating couple in Clock Town completely enamoured with each otherHoney
80%
Deceased king of the Ikana KingdomIgos du Ikana
80%
Leader of the Bombers Secret Society of JusticeJim
80%
The Mayor's son, who has mysteriously disappearedKafei
80%
Three-tailed fox who quizzes the player about surrounding locations and peopleKeaton
80%
Twin witches who run the Magic Hag's Potion Shop and the Boat Cruise, respectivelyKotake
80%
Koume
80%
Troubled Mayor of Clock TownMayor Dotour
80%
Guitarist of The Indigo-Go's who dies trying to retrieve the Zora eggs stolen by the Gerudo PiratesMikau
80%
Daughter of a research scientist living in Ikana CanyonPamela
80%
Younger sister of the ranch's ownerRomani
80%
Thief with a hideout in Ikana CanyonSakon
80%
Sharp
80%
Tael
80%
Floating map salesman infatuated with fairiesTingle
80%
Leader of the Clock Town guardsViscen
80%
Owner of a large ranch in the south-west of TerminaCremia
60%
Owner of the Cucco Shack in Romani RanchGrog
60%
Dancing twin sisters, part of the troupe staying at the Stock Pot InnJudo Rosa
60%
Mysterious large animal who serves as a guide to the playerKaepora Gaebora
60%
Deceased dancer haunting Termina FieldKamaro
60%
Lead singer of The Indigo-Go's who has lost her voiceLulu
60%
The Mayor's wife, who works organising the Carnival of TimeMadame Aroma
60%
Marilla Rosa
60%
Owner and bartender of the Milk Bar in Clock TownMr. Barten
60%
Stubborn leader of the carpenters in Clock TownMutoh
60%
Masked Jungle Warrior responsible for poisoning the waters of Woodfall and the Southern SwampOdolwa
60%
Deceased father of the Stock Pot Inn's innkeeperTortus
60%
Manager of the Indigo-Go'sToto
60%
Giant Masked Insect responsible for the curses that afflict Ikana CanyonTwinmold
60%
Leader of the Gerudo PiratesAveil
40%
Pianist and leader of the Zora band The Indigo-Go'sEvan
40%
Blacksmith of the Mountain Smithy in the Mountain VillageGabora
40%
Miniboss of the Stone Tower Temple covered with Bad BatsGomess
40%
Bassist of the Indigo-Go'sJapas
40%
Owner of the Doggy Racetrack in Romani RanchMamamu Yan
40%
Old man who spends his time in the Astral ObservatoryProfessor Shikashi
40%
Soldier in Ikana Canyon so unremarkable as to be completely invisible to passers-byShiro
40%
Drummer of the Indigo-Go'sTijo
40%
Owner of the Mountain Smithy in the Mountain VillageZubora
40%
Carpenters in Clock Town trying to build a viewing tower for the Carnival of TimeBrac
20%
Bremor
0%

Score Distribution

Percentile by Number Answered

Percent of People with Each Score

Your Score History

You have not taken this quiz